000 00665nam a22001937a 4500
003 OSt
005 20250621033415.0
008 250621b |||||||| |||| 00| 0 eng d
020 _a 9789715508476
040 _aDWCL - Main lib
_cOC
082 _aFil. 428.0711 S939p 2018
100 _aSuarez, Cacilia A.
245 _a Purposive communication in English/
_cCacilia A. Suarez
260 _aQuezon City:
_bAteneo de Manila University,
_cc2018
300 _axii, 306 pages :
_b illustrations ;
_c18cm.
650 _a1. English language- Study and teaching( higher)
650 _a2. Oral communication study and teaching ( higher)
942 _2ddc
_cBK - FIL
_kFil.
_n0
999 _c3224
_d3224